Headless Cartoon Characters Quiz Stats

 Plays Quiz Updated Oct 26, 2017

Score 0/18 Timer 03:00
3 Plays Today
Answer % Correct
Mickey Mouse
99.2%
Bugs Bunny
97.9%
Pink Panther
96.8%
Scooby-Doo
96.6%
Marge Simpson
96.2%
Fred Flintstone
96.1%
Popeye the Sailor
95.3%
Charlie Brown
92.1%
Yogi Bear
89%
Answer % Correct
Peter Griffin
83.1%
Eric Cartman
78.7%
George Jetson
72.9%
Johnny Bravo
70.6%
Bender Bending Rodríguez
69.7%
Squidward Tentacles
69.6%
Woody Woodpecker
63.9%
Mighty Mouse
63.3%
Bullwinkle
61.8%

You're not logged in!

Compare scores with friends on all Sporcle quizzes.
OR
Log In

Sporcle TV

Today on Sporcle TV


Watch our educational content, quiz creation guides, and fun videos on Sporcle TV.

Show Comments

Extras

Top Quizzes Today


Score Distribution

Your Account Isn't Verified!

In order to create a playlist on Sporcle, you need to verify the email address you used during registration. Go to your Sporcle Settings to finish the process.

Report this User

Report this user for behavior that violates our Community Guidelines.

Details: